الكودات العربية الموحدة لتصميم وتنفيذ المباني. (Record no. 28974)
[ view plain ]
| 000 -الفاتح | |
|---|---|
| حقل البيانات ثابتة الطول | 02078nam a22003255i 4500 |
| 003 - محدد رقم الضبط | |
| رقم الضبط | EG-ScBUE |
| 005 - وقت وتاريخ اخر تعامل مع التسجيلة | |
| رقم الضبط | 20201020133412.0 |
| 008 - عناصر البيانات ثابتة الطول - معلومات عامة | |
| حقل البيانات ثابتة الطول | 200219q2003 ua a f 000 0 ara d |
| 040 ## - مصدر الفهرسة | |
| وكالة الفهرسة الأصلية | EG-ScBUE |
| لغة الفهرسة | ara |
| قواعد الوصف | rda |
| وكالة النسخ | EG-ScBUE |
| وكالة التعديل | EG-ScBUE |
| 043 ## - رمز المنطقة الجغرافية | |
| رمز المنطقة الجغرافية | ma----- |
| 082 04 - رقم تصنيف ديوى العشرى | |
| رقم التصنيف | 690.220956 |
| رقم المادة | ك و د |
| رقم الطبعة | 22 |
| 110 2# - المدخل الرئيسى - إسم هيئة | |
| اسم الهيئة أو اسم السلطة كمدخل | جامعة الدول العربية. |
| وحده ملحقة | مجلس وزراء الإسكان والتعمير العرب |
| 245 12 - بيان العنوان | |
| العنوان | الكودات العربية الموحدة لتصميم وتنفيذ المباني. |
| اسم جزء/قسم العمل | كودة الوقاية من الحريق وإنذار الحريق / |
| بيان المسئوليه,etc | مجلس وزراء الإسكان والتعمير العرب. |
| 264 #1 - النشر، التوزيع | |
| مكان الناشر او الموزع | [القاهرة] : |
| اسم الناشر او الموزع | جامعة الدول العربية، مجلس وزراء الإسكان والتعمير العرب، |
| تاريخ النشر أو التوزيع | [2003] |
| 300 ## - الوصف المادى | |
| التعداد | المجلد 3 : |
| تفاصيل ماديه اخرى للوعاء | إيضاحيات ؛ |
| أبعاد الوعاء | 28 سم |
| 336 ## - نوع المحتوى | |
| Carrier Type Term | نص |
| Content Type Code | txt |
| source | rdacontent |
| 337 ## - نوع الوسيط | |
| Media Type Term | بدون وسيط |
| Media Type Code | n |
| source | rdamedia |
| 338 ## - نوع الحامل أو الناقل | |
| Carrier Type Term | مجلد |
| Carrier Type Code | nc |
| source | rdacarrier |
| 505 2# - تبصرة محتويات-الفهرس | |
| تبصرة المحتويات المصاغة | الجزء الثالث. أنظمة الكشف والإنذار عن الحريق. |
| 520 ## - التبصرة الخاصة بالتعليق أو التلخيص | |
| ملخص,الخ | تم إعداد هذه الكودة من قبل مركز بحوث البناء التابع للجمعية العلمية الملكية بموجب الاتفاقية المعقودة بين مجلس البناء الوطني الأردني بصفته الفريق الأول والجمعية العلمية الملكية بصفتها الفريق الثاني. |
| 650 #7 - المدخل الاضافى بالموضوع-مصطلح موضوعى | |
| مصطلح موضوعي أو اسم جغرافي كعنصر مدخل | المباني |
| التقسيم الفرعي العام | مواصفات قياسية |
| التقسيم الفرعي الجغرافي | البلاد العربية. |
| مصدر الرأس أو المصطلح | BUEsh |
| 650 #7 - المدخل الاضافى بالموضوع-مصطلح موضوعى | |
| مصطلح موضوعي أو اسم جغرافي كعنصر مدخل | الهندسة الإنشائية |
| التقسيم الفرعي الجغرافي | البلاد العربية. |
| مصدر الرأس أو المصطلح | BUEsh |
| 650 #7 - المدخل الاضافى بالموضوع-مصطلح موضوعى | |
| مصطلح موضوعي أو اسم جغرافي كعنصر مدخل | السلامة العامة |
| التقسيم الفرعي الجغرافي | البلاد العربية. |
| مصدر الرأس أو المصطلح | BUEsh |
| 650 #7 - المدخل الاضافى بالموضوع-مصطلح موضوعى | |
| مصطلح موضوعي أو اسم جغرافي كعنصر مدخل | معايير البناء |
| التقسيم الفرعي الجغرافي | البلاد العربية. |
| مصدر الرأس أو المصطلح | BUEsh |
| 650 #7 - المدخل الاضافى بالموضوع-مصطلح موضوعى | |
| مصطلح موضوعي أو اسم جغرافي كعنصر مدخل | تصميم المباني |
| التقسيم الفرعي العام | احتياطات وقائية |
| التقسيم الفرعي الجغرافي | البلاد العربية. |
| مصدر الرأس أو المصطلح | BUEsh |
| 9 (RLIN) | 8106 |
| 651 ## - المدخل الاضافى بالموضوع - اسم جغرافى | |
| مصدر الرأس أو المصطلح | BUEsh |
| 653 ## - مصطلح تكشيفى غير مقيد | |
| مصطلح غير مقيد | الوقاية من الحريق |
| Resource For college | Engineering, Architecture |
| -- | Engineering, Civil |
| Arrived date list | October2020 |
| 653 ## - مصطلح تكشيفى غير مقيد | |
| مصطلح غير مقيد | أنظمة كشف الحريق |
| 942 ## - عناصر المدخل الإضافي( كوها) | |
| مصدر التصنيف او مخطط الترفيف | Dewey Decimal Classification |
| حالة التراجع | حالة الفقد | مصدر التصنيف او خطة الترفيف | حالة تلف | ليس للاعارة | مجموعات كوها | المكان الدائم | المكان الحالي | موقع الترفيف | تاريخ الاكتساب | Source of acquisition | رقم الاستدعاء | الباركود | Date last seen | نوع الوعاء | تبصرة عامة |
|---|---|---|---|---|---|---|---|---|---|---|---|---|---|---|---|
| Dewey Decimal Classification | unknown | Central Library | Central Library | First floor | 20/10/2020 | Purchase | 690.220956 ك و د | 000050028 | 24/08/2022 | NB - Book (Non borrowing) | المجلد 3 |